[Event "Moscow Time of the First U11"]
[Site "Moscow"]
[Date "2019.06.23"]
[Round "9"]
[White "Gidaspov, Alexander"]
[Black "Bokhan, Mikhail"]
[Result "1-0"]
[WhiteElo "1002"]
[BlackElo "1186"]
[PlyCount "33"]
[EventDate "2019.06.17"]
[EventType "swiss"]
[EventRounds "9"]
[EventCountry "RUS"]
[SourceTitle "EXT 2021"]
[Source "ChessBase"]
[SourceDate "2020.10.23"]
[SourceVersion "1"]
[SourceVersionDate "2020.10.23"]
[SourceQuality "1"]

1. e4 c5 2. Nf3 g6 3. Nc3 Bg7 4. Bc4 Nc6 5. d3 a6 6. Be3 b6 7. 0-0 Nf6 8. e5 Ng4 9. Bxf7+ Kf8 10. Bd5 Bb7 11. Bxc6 Bxc6 12. d4 d6 13. Ng5 Qc8 14. d5 Bb5 15. Nxb5 axb5 16. Ne6+ Kf7 17. Qxg4 1-0

[Event "Moscow Time of the First U11"]
[Site "Moscow"]
[Date "2019.06.22"]
[Round "8"]
[White "Bokhan, Mikhail"]
[Black "Pegasov, Pavel"]
[Result "1/2-1/2"]
[WhiteElo "1186"]
[BlackElo "1063"]
[PlyCount "121"]
[EventDate "2019.06.17"]
[EventType "swiss"]
[EventRounds "9"]
[EventCountry "RUS"]
[SourceTitle "EXT 2021"]
[Source "ChessBase"]
[SourceDate "2020.10.23"]
[SourceVersion "1"]
[SourceVersionDate "2020.10.23"]
[SourceQuality "1"]

1. c4 Nf6 2. Nf3 g6 3. g3 Bg7 4. Bg2 0-0 5. 0-0 d6 6. Nc3 Nbd7 7. d4 c5 8. e3 e6 9. Nb5 d5 10. cxd5 Nxd5 11. Nd6 cxd4 12. Nxd4 N7b6 13. Nxc8 Rxc8 14. Bxd5 Qxd5 15. Ne2 Rfd8 16. Qxd5 Rxd5 17. Nf4 Rd6 18. Rb1 Rc2 19. Re1 Na4 20. Kg2 Bxb2 21. Bxb2 Nxb2 22. Re2 Rxe2 23. Nxe2 Rd2 24. Nd4 Nd3 25. Rxb7 Rxf2+ 26. Kg1 Rxa2 27. Rb8+ Kg7 28. Rd8 Ne5 29. Rb8 Ng4 30. Rb7 Kf6 31. Nc6 Rxh2 32. Rxa7 Re2 33. Nd8 Ne5 34. Ra3 Ke7 35. Nb7 Ng4 36. Nc5 Rxe3 37. Ra7+ Kf6 38. Kg2 h5 39. Ra4 g5 40. Rd4 Kf5 41. Rd7 f6 42. Rb7 Re2+ 43. Kg1 Rh2 44. Re7 e5 45. Ra7 h4 46. gxh4 Rxh4 47. Rf7 e4 48. Re7 Rh2 49. Nxe4 Ra2 50. Ng3+ Kg6 51. Re4 Nf2 52. Rb4 Nh3+ 53. Kf1 Rf2+ 54. Ke1 Rg2 55. Nf1 Nf4 56. Rd4 Nh3 57. Rd8 f5 58. Rg8+ Kf6 59. Rf8+ Ke5 60. Rxf5+ Kxf5 61. Ne3+ 1/2-1/2

[Event "Moscow Time of the First U11"]
[Site "Moscow"]
[Date "2019.06.20"]
[Round "5"]
[White "Maimin, Leonid"]
[Black "Bokhan, Mikhail"]
[Result "1-0"]
[WhiteElo "1329"]
[BlackElo "1186"]
[PlyCount "101"]
[EventDate "2019.06.17"]
[EventType "swiss"]
[EventRounds "9"]
[EventCountry "RUS"]
[SourceTitle "EXT 2021"]
[Source "ChessBase"]
[SourceDate "2020.10.23"]
[SourceVersion "1"]
[SourceVersionDate "2020.10.23"]
[SourceQuality "1"]

1. e4 c6 2. d4 d5 3. exd5 cxd5 4. Bd3 Nc6 5. c3 Nf6 6. Nf3 e6 7. 0-0 Bd6 8. Qc2 0-0 9. Nbd2 Qc7 10. Nb3 Bd7 11. Bg5 h6 12. Bxf6 gxf6 13. g3 Kg7 14. Qe2 e5 15. dxe5 fxe5 16. Bb5 Bg4 17. Bxc6 bxc6 18. Qd3 f6 19. Nh4 e4 20. Qe3 Be5 21. Kg2 Rad8 22. h3 Bc8 23. Nd4 Bxd4 24. cxd4 f5 25. f4 Ba6 26. Rfc1 Rb8 27. Qc3 Bb5 28. a4 Bc4 29. Qa3 Rb3 30. Qc5 Rxb2+ 31. Kh1 Qd7 32. Ng6 Re8 33. Ne5 Rxe5 34. dxe5 a6 35. Qd4 Qb7 36. e6+ Kg6 37. e7 Kf7 38. Qe5 Ke8 39. Qf6 Qxe7 40. Qxb2 e3 41. Qe5 Qxe5 42. fxe5 Ke7 43. Rxc4 dxc4 44. Re1 Ke6 45. Rxe3 c5 46. Kg2 Kd5 47. e6 Kd4 48. Re1 Kd3 49. e7 c3 50. e8Q Kd2 51. Qe2# 1-0

[Event "Moscow Time of the First U11"]
[Site "Moscow"]
[Date "2019.06.18"]
[Round "2"]
[White "Bokhan, Mikhail"]
[Black "Pereverzev, Timofei"]
[Result "0-1"]
[WhiteElo "1186"]
[BlackElo "1448"]
[PlyCount "73"]
[EventDate "2019.06.17"]
[EventType "swiss"]
[EventRounds "9"]
[EventCountry "RUS"]
[SourceTitle "EXT 2021"]
[Source "ChessBase"]
[SourceDate "2020.10.23"]
[SourceVersion "1"]
[SourceVersionDate "2020.10.23"]
[SourceQuality "1"]

1. c4 e5 2. g3 c6 3. Bg2 d5 4. cxd5 cxd5 5. d3 Nf6 6. Nd2 Nc6 7. Nb3 Be6 8. Nf3 Bd6 9. Bg5 0-0 10. 0-0 Rc8 11. Rc1 Qe7 12. Bxf6 Qxf6 13. Nc5 Qe7 14. Nxe6 fxe6 15. Qd2 Rfe8 16. Qg5 Qxg5 17. Nxg5 h6 18. Nf3 g5 19. e3 Nb4 20. Rfd1 Rxc1 21. Rxc1 Nxd3 22. Rc2 Nb4 23. Rc1 Nxa2 24. Ra1 Nb4 25. Rxa7 Re7 26. Bf1 Rc7 27. Ra8+ Kg7 28. Rd8 Be7 29. Rb8 Nc6 30. Ra8 e4 31. Nd4 Nxd4 32. exd4 Bf6 33. Ra4 Rc2 34. Rb4 Kg6 35. Bh3 e5 36. Be6 exd4 37. Bxd5 0-1